India's Football Dream/ (Record no. 202672)

MARC details
000 -LEADER
fixed length control field 00561nam a22001817a 4500
005 - DATE AND TIME OF LATEST TRANSACTION
control field 20240506105521.0
010 ## - LCCN (DPL NO)
LC control number ENG-140299
020 ## - INTERNATIONAL STANDARD BOOK NUMBER
Terms of availability 495.00
International Standard Book Number 9789353283056
035 ## - SYSTEM CONTROL NUMBER
System control number EN-123831
037 ## - SOURCE OF ACQUISITION
Source of stock number/acquisition DBAD
082 ## - DEWEY DECIMAL CLASSIFICATION NUMBER
Classification number 796.3340954
100 ## - MAIN ENTRY--PERSONAL NAME
Personal name Gupta Shantanu
245 ## - TITLE STATEMENT
Title India's Football Dream/
Statement of responsibility, etc By Shantanu Gupta and Nikhil Paramjit Sharma
260 ## - PUBLICATION, DISTRIBUTION, ETC. (IMPRINT)
Place of publication, distribution, etc Delhi
Name of publisher, distributor, etc Vitasta Publishing Pvt Ltd
Date of publication, distribution, etc 2019
270 ## - ADDRESS
Address 2/15 Ansari Road, Daryaganj,
City Delhi
Postal code 110002
300 ## - PHYSICAL DESCRIPTION
Extent 216p;
Dimensions 21cm(pb)
942 ## - ADDED ENTRY ELEMENTS (KOHA)
Source of classification or shelving scheme Dewey Decimal Classification
Item type English Books
Classification part 796.3340954
Call number suffix GUP
Holdings
Withdrawn status Lost status Not for loan Collection code Home library Current library Date acquired Source of acquisition Cost, normal purchase price Full call number Barcode Copy number Cost, replacement price Koha item type
      Non-fiction Ashok Vihar Ashok Vihar 06/05/2024 DBAD 495.00 796.3340954 GUP EN-123831 1 495.00 English Books

© Delhi Public Library
Hit Counter
free hit counter